000
00263nam a22001217a 4500
003
SGT
082
_a
658.15224
_b
C25S
100
_a
SINGH MANVI
245
_a
CROWDFUNDING AND CROWDSOURCING A SOCIO LEGAL STUDY
260
_c
2025
300
_a
193
942
_2
ddc
_c
TH
999
_c
33231
_d
33231